Thực đại - truyền thống và công tác giáo dục truyền thống /

Αποθηκεύτηκε σε:
Λεπτομέρειες βιβλιογραφικής εγγραφής
Κύριος συγγραφέας: Đỗ Anh Lập.
Μορφή: Άρθρο
Γλώσσα:Vietnamese
Θέματα:
Ετικέτες: Προσθήκη ετικέτας
Δεν υπάρχουν, Καταχωρήστε ετικέτα πρώτοι!
Thư viện lưu trữ: Thư viện Trường Đại học Đà Lạt
LEADER 00736nam a2200253 4500
001 DLU090090320
005 ##20090526
040 # # |a DLU  |b vie 
041 # # |a vie 
044 # # |a vn 
100 # # |a Đỗ Anh Lập. 
245 # # |a Thực đại - truyền thống và công tác giáo dục truyền thống /  |c Đỗ Anh Lập. 
653 # # |a Công tác giáo dục 
653 # # |a Truyền thống 
773 # # |t Lịch sử Đảng  |g Số 5, 1994, tr. 55-57 
920 # # |a Phòng Tạp chí -- Trung tâm Thông tin - Thư viện Trường Đại học Đà Lạt 
994 # # |a DLU 
900 # # |a True 
911 # # |a Nguyễn Thị Mai Anh 
925 # # |a G 
926 # # |a A 
927 # # |a BB 
980 # # |a Thư viện Trường Đại học Đà Lạt